000 00578nam a2200193Ia 4500
003 OSt
005 20220925204558.0
006 a|||||r|||| 00| 0
007 ta
008 220923b |||||||| |||| 00| 0 eng d
037 _cGeneral Book
040 _aRTL
_cRTL
_beng
041 _2eng
_aeng
082 _aX621.51.N89<---N82t, M9
245 0 _aNATIONAL BANK of Greece
_b A Report Athens, National Bank of Greece
260 _aGreece
_bNational Bank of Greece
_c1982
942 _hX621.51.N89<---N82t, M9
_cGB
_2CC
999 _c549808
_d549808